LEADER 01482nam a2200313 u 4500 001 000000025393 003 CaOOAMICUS 005 20070226111447.0 008 950801s1953 it u000 u ita u 035 $a10653357 040 $aPUL(R)$bita 100 1 $aTalamanca, Mario.$0(OLS)http://pul/name/4682 245 12$aL'arra della compravendita in diritto greco e in diritto romano /$cMario Talamanca. 260 $aMilano :$bA. Giuffrè,$c1953. 300 $a2 f. p., 100 p. ;$c25 cm 490 1 $aPubblicazioni dell'istituto di diritto romano e dei diritti dell'Oriente Mediterraneo (Università degli studi di Roma "La Sapienza") ;$v29 500 $aInclude indici. 504 $aBibliografia in nota. 650 4$aDiritto greco.$0(OLS)http://pul/subject/8507 650 4$aDiritto romano.$0(OLS)http://pul/subject/382 830 0$aPubblicazioni dell'istituto di diritto romano e dei diritti dell'Oriente Mediterraneo (Università degli studi di Roma "La Sapienza") ;$v29.$0(OLS)http://pul/title/6699 850 $aPUL 852 $aPUL$W1$xDP2 Diritto e Scienze Sociali 1$y65$m188 F 76$j35513$nBK-PRI$qStampati$B35513$CPULBib$Z2$F35513 $H67053 $82 941 1 $a8 960 $aRoman law$9382 960 $aRoman law$9382 961 $aDono Gabrio Lombardi. 996 $6245$aL'arra della compravendita in diritto greco e in diritto romano$9(OLS)http://pul/title/34983 996 $6260$aMilano :$bA. Giuffrè$9(OLS)http://pul/publisher/48096 LEADER 01328nam a2200301 a 4500 001 000000132529 003 CaOOAMICUS 005 20130204141045.0 008 130204s2012 it u000 u ita r 020 $a978-88-495-2511-3 040 $aPUL$bita 082 04$a344.04 100 1 $aScia, Fausta.$0(OLS)http://pul/name/85356 245 10$aIndagini genetiche preimpianto e procreazione medicalmente assistita /$cFausta Scia. 260 $aNapoli :$bEdizioni scientifiche italiane,$c©2012. 300 $a104 p. ;$c24 cm 490 1 $aForo napoletano. Quaderni ;$v02 504 $aBibliografia in nota. 650 4$aProcreazione artificiale$xDiritto e legislazione.$0(OLS)http://pul/subject/7282 830 0$aForo napoletano.$pQuaderni ;$v02.$0(OLS)http://pul/title/167451 850 $aPUL 852 $aPUL$W1$xSL Diritto e Scienze Sociali 3$y79$m344. 04 SCIFA 1$j152512$qDDC 21$B151862$CPULBib$Z2$F151862 $H121472 $82 941 1 $a9 996 $6020$a978-88-495-2511-3$9(OLS)http://pul/number/151697 996 $6082$a344.04$9(OLS)http://pul/classification/1903 996 $6245$aIndagini genetiche preimpianto e procreazione medicalmente assistita$9(OLS)http://pul/title/167450 996 $6260$aNapoli :$bEdizioni scientifiche italiane$9(OLS)http://pul/publisher/48388